000
00313nam a2200109 a 4500
005
20140408090012.0
008
021114s19uu xx 00 eng d
050
_a
PGS '99
_b
AGU #2
100
_a
Aguilar, Don Marc
245
_a
The Prospects of Filipino indigenous crafts in the local trade industry.
942
_c
PASS
999
_c
96166
_d
96166